| 000 | 00000nam##2200000za#4500 |
| 001 | 9.700214 |
| 003 | CaOODSP |
| 005 | 20210625000731 |
| 007 | cr ||||||||||| |
| 008 | 150407|2003||||xxc|||||o f|0| 0 eng|d |
| 040 | |aCaOODSP|beng |
| 043 | |an-cn--- |
| 086 | 1 |aSC84-2/5555-1009E-MP3 |
| 110 | 1 |aCanada.|bPublic Service Commission of Canada. |bLanguage Training Canada. |
| 245 | 10|aInterface Canada. Role playing for consolidation audio file |h[electronic resource] |
| 260 | |aOttawa - Ontario : |bPublic Service Commission. |c2003. |
| 300 | |aDuration : 00:16:00 |
| 500 | |a"Interface Canada is the core component of the Communicative English at Work Program, Language Training Canada, Public Service Commission of Canada."--Verso of title page. |
| 520 | 3 |aINTERFACE CANADA is a series for adults studying English as a second language. The series, which covers the beginning to upper-intermediate levels, provides a functional-notional syllabus as well as a structural syllabus. The material is designed primarily to develop speaking and listening skills, with a special emphasis on language used in the office. The INTERFACE CANADA series consists of student books 1 to 8, teacher books 1 to 8, and Role Playing for Consolidation – student and teacher books. Each book provides approximately fifty hours of classroom instruction. |
| 590 | |a15-01-Supp|b2015-01-26 |
| 590 | |a14-52-Supp|b2014-08-22 |
| 690 | 07|aEducational resources|2gcpds |
| 690 | 07|aEnglish language|2gcpds |
| 690 | 07|aTeachers|2gcpds |
| 856 | 40|ahttp://publications.gc.ca|qMP3|s2380 KB|uhttps://publications.gc.ca/collections/collection_2014/efpc-csps/SC84-2-5555-1001-rpfc7-3-eng.mp3 |
| 856 | 40|ahttp://publications.gc.ca|qMP3|s2558 KB|uhttps://publications.gc.ca/collections/collection_2014/efpc-csps/SC84-2-5555-1001-rpfc6-1-eng.mp3 |
| 856 | 40|ahttp://publications.gc.ca|qMP3|s3638 KB|uhttps://publications.gc.ca/collections/collection_2014/efpc-csps/SC84-2-5555-1001-rpfc8-1-eng.mp3 |
| 856 | 40|ahttp://publications.gc.ca|qMP3|s2933 KB|uhttps://publications.gc.ca/collections/collection_2014/efpc-csps/SC84-2-5555-1001-rpfc7-3-eng.mp3 |
| 856 | 40|ahttp://publications.gc.ca|qMP3|s2830 KB|uhttps://publications.gc.ca/collections/collection_2014/efpc-csps/SC84-2-5555-1001-rpfc9-2-eng.mp3 |
| 856 | 40|ahttp://publications.gc.ca|qMP3|s4162 KB|uhttps://publications.gc.ca/collections/collection_2014/efpc-csps/SC84-2-5555-1001-rpfc9-4-eng.mp3 |
| 856 | 40|ahttp://publications.gc.ca|qMP3|s1528 KB|uhttps://publications.gc.ca/collections/collection_2014/efpc-csps/SC84-2-5555-1001-rpfc5-1-eng.mp3 |
| 856 | 40|ahttp://publications.gc.ca|qMP3|s4161 KB|uhttps://publications.gc.ca/collections/collection_2014/efpc-csps/SC84-2-5555-1001-rpfc1-1-eng.mp3 |
| 856 | 40|ahttp://publications.gc.ca|qMP3|s3658 KB|uhttps://publications.gc.ca/collections/collection_2014/efpc-csps/SC84-2-5555-1001-rpfc3-1-eng.mp3 |
| 856 | 40|ahttp://publications.gc.ca|qMP3|s2040 KB|uhttps://publications.gc.ca/collections/collection_2014/efpc-csps/SC84-2-5555-1001-rpfc3-2-eng.mp3 |